• 首页
  • 本馆介绍
  • 公告通知
  • 最新文献
  • 馆藏检索
  • 电子资源
  • 读者导购
  • 参考咨询
  • 我的图书馆
  • 登录
  • 详细信息显示
  • 放入我的书架
  • 预约/预借图书
  • 作者相关作品
  • 分类相关作品
  • 丛书相关作品
  • 出版社相关作品

书目信息

  • 表格格式
  • 工作单格式
  • 卡片格式
题名:
孤独之旅
    
 
作者: 曹文轩 著
分册:  
出版信息: 北京   北京联合出版公司  2015
页数: 173页
开本: 24cm
丛书名:
单 册:
中图分类: I287.47 , I287.6
科图分类:
主题词: 儿童文学--短篇小说--小说集--中国--当代 , 儿童文学--散文集--中国--当代
电子资源:
ISBN: 978-7-5502-6430-4
000 00929nam0 2200253 450
001 1510
005 20180522125207.74
010    @a978-7-5502-6430-4@dCNY23.80
100    @a20160121d2015 cemy0chiy50 ea
101 0  @achi
102    @aCN@b110000
105    @aa z 000zy
200 1  @a孤独之旅@9gu du zhi lv@b专著@e经典彩绘本@f曹文轩著
210    @a北京@c北京联合出版公司@d2015
215    @a173页@c彩图@d24cm
300    @a美冠纯美阅读书系 曹文轩专集
330    @a本辑选编了曹文轩的六篇代表作,其中《孤独之旅》为曹文轩长篇小说代表作《草房子》节选,《弓》《阿雏》《蓝花》等均为荣获大奖的短篇小说名篇,本书还收录了《闲话读书》、《柿子树》、《天堂之门》等4篇散文。
606 0  @a儿童文学@x短篇小说@x小说集@y中国@z当代
606 0  @a儿童文学@x散文集@y中国@z当代
690    @aI287.47@v5
690    @aI287.6@v5
701  0 @a曹文轩@9cao wen xuan@f(1954-)@4著
801  0 @aCN@b91MARC@c20160302
905    @aMuseLib@dI287.47@e486
    
    孤独之旅:经典彩绘本/曹文轩著.-北京:北京联合出版公司,2015
    173页:彩图;24cm
    美冠纯美阅读书系 曹文轩专集
    
    ISBN 978-7-5502-6430-4:CNY23.80
    本辑选编了曹文轩的六篇代表作,其中《孤独之旅》为曹文轩长篇小说代表作《草房子》节选,《弓》《阿雏》《蓝花》等均为荣获大奖的短篇小说名篇,本书还收录了《闲话读书》、《柿子树》、《天堂之门》等4篇散文。
●
相关链接 在E读中查询图书 在五车中查询图书 在当当中查询图书 在豆瓣中查询图书


正题名:孤独之旅     索取号:I287.47/486         预约/预借

序号 登录号 条形码 馆藏地/架位号 状态 备注
1 1104942   211049426   第一样本阅览室/ [索取号:I287.47/486] 在馆    
2 1104943   211049435   教育系资料室/ [索取号:I287.47/486] 在馆    
3 1104944   211049444   教育系资料室/ [索取号:I287.47/486] 在馆    
4 1104945   211049453   教育系资料室/ [索取号:I287.47/486] 在馆    
5 1104946   211049462   教育系资料室/ [索取号:I287.47/486] 在馆    
6 1104947   211049471   教育系资料室/ [索取号:I287.47/486] 在馆    
7 1104948   211049480   第二借阅区/ [索取号:I287.47/486] 在馆    
8 1104949   211049499   第二借阅区/ [索取号:I287.47/486] 在馆    
9 1104950   211049505   第二借阅区/ [索取号:I287.47/486] 在馆    
唐山师范学院图书馆 欢迎您!
大连网信软件有限公司© 版权所有